| 000 | 00862nam a2200229 a 4500 | ||
|---|---|---|---|
| 001 | BRCA_9079 | ||
| 005 | 20190320210520.0 | ||
| 008 | 060917s1779----sp-#######---#000-0#spa-# | ||
| 041 | _aspa | ||
| 044 | _asp | ||
| 084 |
_aBE103 _b.B87 1779 |
||
| 100 | 1 |
_aBurdalue, Luis _922263 |
|
| 245 | 1 | 0 |
_aTomo primero de La Quaresma del Padre Luis Burdalue, de la extinguida Compañía llamada de Jesús _cfielmente traducidos del francés al castellano: tomo segundo de la obra. |
| 250 | _a2a ed. | ||
| 260 |
_aMadrid _bPor Blas Roman _c1779 |
||
| 300 |
_a410 p. (t.2) _c21.5 x 15.5 cm |
||
| 500 | _aCon privilegio para toda la obra | ||
| 500 | _aEstado físico: presenta encuadernación en pergamino con lomo desprendido, algunas hojas sueltas y presencia del pez de plata | ||
| 650 | 1 | 4 |
_aQuaresma _yObras anteriores a 1800 _922264 |
| 902 | _aCFM | ||
| 942 |
_2lcc _cB |
||
| 999 |
_c8729 _d8729 |
||